Да живееш в сърцето (Запис номер 85057)
[ съкратено ]
| 000 -Лидер | |
|---|---|
| Контролно поле с фиксирана дължина | 02207nam a2200409 c 4500 |
| 003 - Код на организацията, давaща контролен номер | |
| Контролно поле | BLK |
| 005 - Дата и час на последна редакция | |
| Контролно поле | 20180422104220.0 |
| 008 - Елементи от данни с фиксирана дължина | |
| fixed length control field | 180408b bul|||||r ||||||| ||bul|| |
| 010 ## - Наследен системен номер | |
| LC control number | KNG00089653000 |
| 020 ## - Международен стандартен номер на книга ISBN | |
| Международен стандартен номер на книга ISBN | 954-626-247-1 |
| -- | издат.: Аратрон |
| 040 ## - Източник на каталожния запис | |
| Идентификатор на билиотеката - собственик на записа | BLK |
| 041 ## - Код за език | |
| Код за езика на текст/звукозапис или на отделно заглавие | Български |
| Код за езика КДБФ | Български |
| 080 ## - УДК | |
| Текстов определител УДК | Проблеми на окултното. Теории и системи на езотеричните дисциплини, които изясняват и интерпретират феномените и проблемите на окултното. Вж и 159.961; 291.3 |
| УДК код - определител по УДК | 133 |
| УДК определител | (02.062) |
| УДК - код + определител | 133(02.062) |
| 080 ## - УДК | |
| Текстов определител УДК | Парапсихология. Нумерология. - Халюцинации, пророчества, предсказания, магии, демонология, телепатия, спиритизъм, илюзии, нумерология, мошеничество. Вж и 133 ; 398.4 ; 615.851 |
| УДК код - определител по УДК | 159.961 |
| УДК определител | (02.062) |
| УДК - код + определител | 159.961(02.062) |
| 100 1# - Редна дума - Автор | |
| Автор | Мелхизедек, Друнвало |
| Авторска отговорност | първи автор |
| R(LIN) | 94760 |
| 139 ## - Редно поле | |
| Редна дума | Мелхизедек, Друнвало |
| Авторски знак | Мел - М 46 |
| 245 10 - Сведения за заглавието | |
| Заглавие | Да живееш в сърцето |
| Подзаглавни данни | Как да навлезем в свещеното пространство на сърцето |
| Редно поле (дума) | Друнвало Мелхизедек; прев. от англ. Светлана Николова. |
| 257 ## - Страна на издаване | |
| Страна на създаване/издаване | Съединени американски щати |
| 260 ## - Област на издателските данни | |
| -- | София |
| Име на издателя, разпространителя и проч. | Аратрон |
| Година на издаване | 2006 |
| 300 ## - Физическа характеристика | |
| Страници | 144 с. |
| Илюстрации и др. | с ил. |
| Размери/Мащаб | 22 см |
| 380 ## - Жанр | |
| Жанр | Философия |
| 500 ## - Общи забележки | |
| Забележка | Ориг. загл. Living in the heart / Drunvalo Melchizedek. - Прев. е известна като Светлана Михайлова |
| 650 #4 - Допълнително описание по предмет – тема | |
| Основно описание – тема или топоним | Окултизъм |
| 9 (RLIN) | 164936 |
| 650 #4 - Допълнително описание по предмет – тема | |
| Основно описание – тема или топоним | Парапсихология |
| 9 (RLIN) | 165687 |
| 650 #4 - Допълнително описание по предмет – тема | |
| Основно описание – тема или топоним | Медитация |
| 9 (RLIN) | 161599 |
| 650 #4 - Допълнително описание по предмет – тема | |
| Основно описание – тема или топоним | Биоенерготерапия |
| 9 (RLIN) | 148661 |
| 653 ## - Ключова дума – ненормативна | |
| Ключова дума | окултизъм |
| 653 ## - Ключова дума – ненормативна | |
| Ключова дума | парапсихология |
| 653 ## - Ключова дума – ненормативна | |
| Ключова дума | медитация |
| 653 ## - Ключова дума – ненормативна | |
| Ключова дума | биоенерготерапия |
| 700 1# - Други автори (авторска отговорност) | |
| Лично име | Николова, Светлана |
| Автороска отговорност (Описва отношението между автора и произведението) | прев. от англ. |
| 9 (RLIN) | 366308 |
| 852 ## - Местоположение | |
| Форматна сигнатура | Цб 244121 |
| 856 4# - Електронен адрес и достъп | |
| Електронен формат | pdf - файл |
| Път до файла /url/ | |
| 856 4# - Електронен адрес и достъп | |
| Електронен формат | pdf - файл |
| Път до файла /url/ | |
| 942 ## - АРТИКУЛИ | |
| Вид на библиотечния материал | Книги |
| Скрит в OPAC | Не |
| 944 ## - СЪЗДАВАНЕ И РЕДАКЦИЯ на ЗАПИСА | |
| Създаване/Редакция | Създаване |
| Дата на регистрацията/редакция | 26.05.2009 |
| Служител, извършил регистрацията/редакцията | Милена_Ачева |
| 944 ## - СЪЗДАВАНЕ И РЕДАКЦИЯ на ЗАПИСА | |
| Създаване/Редакция | Редакция |
| Дата на регистрацията/редакция | 05.06.2009 |
| Служител, извършил регистрацията/редакцията | |
| 999 ## - СИСТЕМНИ КОНТРОЛНИ НОМЕРА | |
| Koha biblionumber | 85057 |
| Koha biblioitemnumber | 85057 |
| Код за отписване | Код за изгубен артикул | Код за повреда | Коз за рестрикции | Код за отдаване | Артикулен № | Име на библиотеката - собственик | Име на библиотеката, в която се намира в момента | Статус (Текущо местоположение) | Дата на вписване в системата | Местоположение - отдел | Цена в лева | Инвентарен номер | Систематично азбучна сигнатура | Баркод | Номер на екземпляра | Цена в евро | Служебна бележка | Служебен тип на артикула |
|---|---|---|---|---|---|---|---|---|---|---|---|---|---|---|---|---|---|---|
| Не е изгубен | Не е повреден | без рестрикции | ползва се в читалня | 137959 | Регионална библиотека "Любен Каравелов" Русе | Регионална библиотека "Любен Каравелов" Русе | Хранилище | 2009-05-26 | Хранилище | 7.00 | 120000735821 | Цб 244121 | 120000735821 | 1 | 3.58 | Дост: Dp Вид: Д N: 50 Дата: 26.11.2008 | Книги |